Statistieken voor FIFA Wereldbeker 2018 teams

Klik hier om de quiz te nemen!

Algemene statistieken

  • Deze quiz is 89 keer genomen
  • De gemiddelde score is 23 van 32

Antwoordstatistieken

Nation% Correct
argArgentinië
97%
braBrazilië
95%
porPortugal
95%
belBelgië
94%
fraFrankrijk
94%
spaSpanje
94%
rusRusland
92%
gerDuitsland
89%
engEngeland
89%
japJapan
84%
croKroatië
83%
skoZuid-Korea
83%
mexMexico
79%
sweZweden
79%
ausAustralië
75%
polPolen
73%
senSenegal
73%
morMarokko
71%
iraIran
68%
denDenemarken
67%
uruUruguay
65%
swiZwitserland
65%
panPanama
62%
egyEgypte
60%
nigNigeria
60%
colColombia
59%
sauSaoedi-Arabië
56%
tunTunesië
54%
iceIJsland
51%
serServië
48%
cosCosta Rica
41%
perPeru
41%

Scoreverdeling

Percentiel versus Aantal Correcte Antwoorden

Procent van Mensen met Elke Score

Uw Scoregeschiedenis

U heeft deze quiz nog niet genomen